Ready Or Not - Bridgit Mendler - All Lyrics - Statistics

General Stats
  • This quiz has been taken 69 times
  • The average score is 375 of 464
Answer Stats
Answer % Correct
I
98%
not,
98%
not
98%
Not,
98%
not)
98%
or
98%
Ready
98%
(Ready
98%
ready
98%
a
96%
come
96%
come,
96%
come)
96%
here
96%
(Here
96%
Hey
96%
you
96%
you?
96%
You
96%
you)
96%
woo!)
94%
your
94%
(Oh,
93%
Oh!
93%
(Oh-oh),
93%
oh-oh-oh,
93%
oh-oh-oh)
93%
Ooh
93%
woah
93%
do
91%
my
91%
to
91%
is
89%
like
89%
and
87%
And
87%
In
87%
in
87%
find
85%
I'm
85%
I’m
85%
me,
85%
me
85%
I'll
83%
(I'll
83%
it,
83%
la-la-la,
83%
la-la-la-la
83%
(La-la-la-la)
83%
the
83%
The
83%
you're
83%
You’re
83%
(You're
83%
at
81%
at?
81%
song?
81%
Where
81%
where
81%
will
81%
face,
80%
of
80%
who
78%
Who
78%
But
76%
but
76%
loud
76%
be
74%
girl
74%
it's
74%
music's
74%
night
74%
crowd,
72%
crowd
72%
sing
72%
yeah
72%
Yeah,
72%
(Yeah)
72%
young
72%
kind
70%
say
70%
for
69%
Just
69%
on
69%
We
67%
we
67%
word
67%
meet
65%
name
63%
nice
63%
Hello,
61%
out,
61%
out
61%
You’ll
61%
about
59%
break
59%
have
59%
Kate
59%
William,
59%
doesn't
57%
hit
57%
air
56%
could
56%
from
56%
gas
56%
lungs
56%
lungs)
56%
quick
56%
right
56%
sits
56%
tonight
56%
world
56%
baby,
54%
breath
54%
dawn
54%
fly,
54%
next
54%
seen
54%
super
54%
think
54%
fairy
52%
fresh
52%
Take
52%
tale
52%
up,
52%
waits
52%
boy,
50%
famous,
50%
kryptonite,
50%
Living
50%
bee
48%
dance
48%
Light
48%
matchstick
48%
palace
48%
shy,
48%
was
48%
away,
46%
curb
46%
heart
46%
honey
46%
kinda
46%
Oprah
46%
now
44%
staring
44%
thinking
44%
caught
43%
clearly
43%
Thirty-seven
43%
(Bridgit),
41%
down
39%
sail,
39%
wherever
39%
cars
37%
hunting
35%
crook
33%
setting
33%
yacht
33%
batta-boom,
31%
batta-boom)
31%
boom,
31%
Boca
30%
No matching quizzes found
Score Distribution
Percent of People with Each Score
Percentile by Number Answered
Your Score History
You have not taken this quiz